Wyspy i Archipelagi - Statystyki

Ogólne statystyki
  • Ten quiz został rozwiązany 287 razy
  • Średni wynik to 25 z 47
Odpowiedzi na mapie
Odpowiedzi zakodowano w zielono-czerwonej skali na mapie do tego quizu, zgodnie z poniższymi procentami.
 
Statystyki odpowiedzi
Odpowiedź % Poprawnych
Cypr
78%
Irlandia
77%
Islandia
77%
W.Brytania
75%
Kreta
70%
Sycylia
70%
Madagaskar
69%
Kanaryjskie
64%
Korsyka
64%
Sardynia
64%
W.Owcze
64%
Wyspy Japońskie
61%
Baleary
59%
Zielonego przylądka
58%
Archipelag Malajski
56%
Falklandy
56%
Galapagos
55%
Jawa
55%
Tajwan
54%
Wyspy Filipińskie
54%
Borneo
53%
Hokkaido
53%
św. Heleny
53%
Cejlon
52%
Ziemia Ognista
52%
Spitzbergen
51%
Nowosyberyjskie
50%
Honsiu
49%
Mauritius
48%
Celebes
47%
Kiusiu
46%
Sachalin
46%
Sikkoku
46%
Sumatra
46%
Komory
45%
Seszele
42%
Szetlandy
42%
Andamany
41%
Reunion
41%
Hajnan
39%
Ibiza
38%
Luzon
38%
Majorka
38%
Ziemia Północna
36%
Minorka
35%
Maskareny
33%
Mindanao
28%
Nie znaleziono quizów pasujących do podanych kryteriów
Rozkład punktacji
Procent ludzi z każdym wynikiem
Percentyl według liczby udzielonych odpowiedzi
Twoja historia wyników
Nie rozwiązałeś tego quizu